| 000 | 00000nam 2200000za 4500 |
| 001 | 9.606641 |
| 003 | CaOODSP |
| 005 | 20240207110907 |
| 007 | cr ||||||||||| |
| 008 | 150406|2007||||xxc|||||o f|0| 0 fre d |
| 040 | |aCaOODSP|bfre |
| 043 | |an-cn--- |
| 086 | 1 |aSE7-3/2007-1F-PDF |
| 245 | 00|aIncidences potentielles de la prolongation du vote par anticipation sur la participation électorale |h[ressource électronique] / |c[par] André Blais, Agnieszka Dobrzynska, et Peter Loewen. |
| 260 | |aOttawa : |bÉlections Canada, |c2007. |
| 300 | |a47 p. |
| 490 | 1 |aÉlections Canada - documents de travail |
| 500 | |a« Septembre 2007. » |
| 504 | |aComprend des références bibliographiques. |
| 590 | |a14-07-Supp|b2014-04-03 |
| 691 | 07|aÉlections|2gcpds |
| 710 | 2 |aÉlections Canada. |
| 775 | 08|tPotential impacts of extended advance voting on voter turnout |w(CaOODSP)9.578908 |
| 830 | #0|aÉlections Canada - documents de travail.|w(CaOODSP)9.504135 |
| 856 | 40|ahttp://publications.gc.ca|qPDF|s307 Ko|uhttps://publications.gc.ca/collections/collection_2014/elections/SE7-3-2007-1-fra.pdf |